000 00384nam a2200169 a 4500
008 190603s1996|||| d
100 1 _aChopra Deepak
245 1 0 _aSedm duchovních zákonú úspechu
260 _bPragma
_aPraha
_c1996
041 _acze
044 _aCZ
250 _a1.vydanie
300 _a108 s.
020 _a8072050052
_c0
958 _aAZN
958 _aA
999 _c20772
_d20772